Statistics for First Two Letters: European

Click here to take the quiz!

General Stats

  • This quiz has been taken 37 times
  • The average score is 26 of 35

Answer Stats

Answer% Correct
Be
96%
Li
88%
Po
88%
De
85%
No
85%
Sw
85%
An
81%
Au
81%
Bu
81%
Fi
81%
Fr
81%
Ge
81%
La
81%
Mo
81%
Sp
81%
Un
81%
Cr
77%
Ic
77%
Ir
77%
It
77%
Cz
73%
Es
73%
Gr
73%
Ru
73%
Hu
69%
Lu
69%
Ne
69%
Uk
69%
Al
65%
Bo
62%
Ma
62%
Sl
62%
Ro
54%
Sa
54%
Se
46%

Score Distribution

Percentile by Number Answered

Percent of People with Each Score

Your Score History

You have not taken this quiz